000 01007nam a22002777a 4500
001 BR0805719
003 BR-BrBNA
005 20230928102707.0
007 ta
008 230509b bl.||||| |||| 00| 0 por d
040 _aBR-BrBNA
_bpor
_cBiblioteca Nacional de Agricultura
041 _a(Por)
072 _aC20; C10
090 _ C20 BR0805719
110 1 _aCentro Regional Universitário de Espírito Santo do Pinhal, SP (Brasil)
_91883
111 1 _a1. Simpósio de Pesquisa, Extensão e Ensino14. Semana de Apresentação ddde Trabalhos Realizados
_cEspírito Santo do Pinhal, SP (Brazil)
_d17-19 Sep 2002
245 1 _a1. Simpósio de Pesquisa, Extensão e Ensino; 14. Semana de Apresentação de Trabalhos Realizados; programa e resumos
260 3 _aEspírito Santo do Pinhal, SP (Brasil):
_c2002.
300 _a180 p.
650 _aEXTENSÃO RURAL
650 _aENSINO AGRÍCOLA
650 _aAGRICULTURA
650 _aENGENHARIA
909 _a202309
_bLucia
_c55
_dLucia Elande
942 _cBK
999 _c72068
_d72068